[Event "Sao Paulo STD U2200 op 5th"]
[Site "Sao Paulo"]
[Date "2019.09.01"]
[Round "6"]
[White "Souza, Ramon Santana De"]
[Black "Candido, Jefferson Santos"]
[Result "0-1"]
[WhiteElo "1558"]
[BlackElo "1690"]
[PlyCount "104"]
[EventDate "2019.08.30"]
[EventType "swiss"]
[EventRounds "6"]
[EventCountry "BRA"]
[SourceTitle "CBM 195 Extra"]
[Source "ChessBase"]
[SourceDate "2020.05.31"]
[SourceVersion "1"]
[SourceVersionDate "2020.05.31"]
[SourceQuality "1"]

1. e4 e5 2. Nf3 Nf6 3. Nxe5 d6 4. Nf3 Nxe4 5. d4 d5 6. Bd3 Bd6 7. 0-0 0-0 8. h3 Bf5 9. Nc3 c6 10. Bg5 Nxg5 11. Bxf5 Qf6 12. Nxg5 Qxf5 13. Nf3 Nd7 14. Nh4 Qf6 15. Qg4 Qf4 16. g3 Qxg4 17. hxg4 g6 18. g5 f6 19. gxf6 Rxf6 20. f4 Raf8 21. Nf3 Re6 22. Ne5 Re7 23. Ne2 Nf6 24. Rad1 Ne4 25. Kg2 g5 26. Nc3 Nxc3 27. bxc3 gxf4 28. gxf4 Rg7+ 29. Kf3 Rf5 30. Rg1 Kf8 31. Rxg7 Kxg7 32. Rg1+ Kf6 33. Rb1 b5 34. Nxc6 Rxf4+ 35. Ke3 a6 36. Nb4 Re4+ 37. Kd3 Bxb4 38. Rf1+ Kg5 39. cxb4 h5 40. a4 h4 41. Rf8 h3 42. axb5 axb5 43. Rg8+ Kf4 44. Rb8 h2 45. Rxb5 h1Q 46. Rxd5 Qf3+ 47. Kc4 Qe2+ 48. Kb3 Re3+ 49. c3 Qd1+ 50. Kc4 Qd3+ 51. Kc5 Qxc3+ 52. Kd6 Qxb4+ 0-1

[Event "Sao Bento do Sul op 07"]
[Site "Sao Bento do Sul"]
[Date "2019.07.13"]
[Round "4"]
[White "Candido, Jefferson Santos"]
[Black "Espindola, Carlos Marcelo"]
[Result "1-0"]
[WhiteElo "1694"]
[BlackElo "1419"]
[PlyCount "31"]
[EventDate "2019.07.12"]
[EventType "swiss"]
[EventRounds "7"]
[EventCountry "BRA"]
[SourceTitle "CBM 195 Extra"]
[Source "ChessBase"]
[SourceDate "2020.05.31"]
[SourceVersion "1"]
[SourceVersionDate "2020.05.31"]
[SourceQuality "1"]

1. e4 e5 2. Bc4 Nf6 3. Nc3 Be7 4. Nge2 Nc6 5. Bb3 Na5 6. d4 Nxb3 7. axb3 exd4 8. Qxd4 d6 9. Rxa7 c5 10. Qa4+ Bd7 11. Rxa8 Bxa4 12. Rxd8+ Bxd8 13. bxa4 0-0 14. 0-0 Ba5 15. Bg5 Nd7 16. Be7 1-0

[Event "Sao Paulo Hebraica op 23rd"]
[Site "Sao Paulo"]
[Date "2016.01.10"]
[Round "6"]
[White "Candido, Jefferson Santos"]
[Black "Aparecido Silva, Haroldo"]
[Result "0-1"]
[WhiteElo "1675"]
[BlackElo "1884"]
[PlyCount "68"]
[EventDate "2016.01.08"]
[EventType "swiss"]
[EventRounds "6"]
[EventCountry "BRA"]
[SourceTitle "CBM 170 Extra"]
[Source "ChessBase"]
[SourceDate "2016.02.25"]
[SourceVersion "1"]
[SourceVersionDate "2016.02.25"]
[SourceQuality "1"]

1. c4 e5 2. g3 Nf6 3. Nc3 d6 4. Bg2 Be7 5. Nf3 c6 6. d3 0-0 7. 0-0 Nbd7 8. e4 Re8 9. Rb1 Bf8 10. b4 g6 11. Be3 Ng4 12. Bg5 f6 13. Bd2 f5 14. exf5 gxf5 15. Qb3 Ndf6 16. b5 Bd7 17. Ng5 h6 18. Nf3 Nh7 19. h3 Ngf6 20. Nh4 Nh5 21. Ng6 Bg7 22. Qd1 N5f6 23. Qc1 f4 24. gxf4 Bf5 25. fxe5 dxe5 26. Nh4 Bxd3 27. Bxh6 Bxf1 28. Bxf1 Qd7 29. Kh2 e4 30. Bxg7 Qxg7 31. Nf5 Qg5 32. Ne3 Qf4+ 33. Kh1 Ng5 34. Qc2 Nf3 0-1

[Event "Sao Paulo Hebraica op 23rd"]
[Site "Sao Paulo"]
[Date "2016.01.09"]
[Round "4"]
[White "Chin Li, Victor Hva"]
[Black "Candido, Jefferson Santos"]
[Result "1-0"]
[WhiteElo "1957"]
[BlackElo "1675"]
[PlyCount "53"]
[EventDate "2016.01.08"]
[EventType "swiss"]
[EventRounds "6"]
[EventCountry "BRA"]
[SourceTitle "CBM 170 Extra"]
[Source "ChessBase"]
[SourceDate "2016.02.25"]
[SourceVersion "1"]
[SourceVersionDate "2016.02.25"]
[SourceQuality "1"]

1. e4 d6 2. d4 Nf6 3. Bd3 e5 4. dxe5 dxe5 5. Nf3 Nc6 6. Bg5 h6 7. Bh4 Be7 8. Bg3 Bg4 9. Nbd2 Nh5 10. Nc4 Bf6 11. Ne3 Nxg3 12. hxg3 Be6 13. c3 Qe7 14. Qe2 Rd8 15. Bc4 Nd4 16. cxd4 exd4 17. Nd5 d3 18. Nxf6+ Qxf6 19. Bxd3 0-0 20. 0-0 Bg4 21. e5 Qb6 22. Qe4 Qg6 23. Qxg6 fxg6 24. Bxg6 Rd5 25. Rfe1 Be6 26. Be4 Rb5 27. Nd4 1-0

[Event "Sao Paulo Hebraica op 23rd"]
[Site "Sao Paulo"]
[Date "2016.01.09"]
[Round "2"]
[White "Vieira, Alexandre Letizio"]
[Black "Candido, Jefferson Santos"]
[Result "1/2-1/2"]
[WhiteElo "1940"]
[BlackElo "1675"]
[PlyCount "61"]
[EventDate "2016.01.08"]
[EventType "swiss"]
[EventRounds "6"]
[EventCountry "BRA"]
[SourceTitle "CBM 170 Extra"]
[Source "ChessBase"]
[SourceDate "2016.02.25"]
[SourceVersion "1"]
[SourceVersionDate "2016.02.25"]
[SourceQuality "1"]

1. d4 d6 2. Nf3 Bg4 3. Bf4 Nd7 4. c3 c6 5. Nbd2 Ngf6 6. h3 Bh5 7. e3 e5 8. Bg5 Be7 9. Qb3 Qc7 10. g4 Bg6 11. Bg2 h6 12. Bh4 e4 13. Ng1 d5 14. c4 0-0 15. Ne2 Rad8 16. 0-0 Bh7 17. Rfc1 Qa5 18. Qd1 Rfe8 19. Bg3 dxc4 20. Nxc4 Qg5 21. Nc3 Nc5 22. Bf4 Qh4 23. Ne5 Nd5 24. Bg3 Qf6 25. Qd2 Nb4 26. Rf1 Qe6 27. Qe2 Ncd3 28. a3 Nxe5 29. Bxe5 Nd3 30. Bg3 Bd6 31. Bxd6 1/2-1/2

[Event "Sao Paulo Hebraica op 20th"]
[Site "Sao Paulo"]
[Date "2015.06.06"]
[Round "5"]
[White "Yoshioka, Andre"]
[Black "Candido, Jefferson Santos"]
[Result "1-0"]
[WhiteElo "1821"]
[BlackElo "1664"]
[PlyCount "55"]
[EventDate "2015.06.04"]
[EventType "swiss"]
[EventRounds "6"]
[EventCountry "BRA"]
[SourceTitle "CBM 166 Extra"]
[Source "ChessBase"]
[SourceDate "2015.06.18"]
[SourceVersion "1"]
[SourceVersionDate "2015.06.18"]
[SourceQuality "1"]

1. d4 d5 2. c4 c6 3. cxd5 cxd5 4. Nf3 Nf6 5. Nc3 Bf5 6. Qb3 Bc8 7. Bf4 a6 8. e3 Nc6 9. Bd3 e6 10. 0-0 Bd6 11. Bxd6 Qxd6 12. a3 0-0 13. Rfd1 h6 14. e4 dxe4 15. Nxe4 Qf4 16. Nxf6+ Qxf6 17. Be4 Ne7 18. Ne5 Rd8 19. Qg3 Nf5 20. Bxf5 Qxf5 21. Rd3 f6 22. Ng6 Qe4 23. Rc1 Kh7 24. Ne7 Rd7 25. Re3 Qxd4 26. Qg6+ Kh8 27. Qe8+ Kh7 28. Qg8# 1-0

[Event "Sao Paulo Hebraica op 20th"]
[Site "Sao Paulo"]
[Date "2015.06.05"]
[Round "3"]
[White "Candido, Jefferson Santos"]
[Black "Lukjanenko Callegari, Lucca"]
[Result "1-0"]
[WhiteElo "1664"]
[BlackElo "1329"]
[PlyCount "43"]
[EventDate "2015.06.04"]
[EventType "swiss"]
[EventRounds "6"]
[EventCountry "BRA"]
[SourceTitle "CBM 166 Extra"]
[Source "ChessBase"]
[SourceDate "2015.06.18"]
[SourceVersion "1"]
[SourceVersionDate "2015.06.18"]
[SourceQuality "1"]

1. e4 g6 2. d4 Bg7 3. f3 d6 4. Nc3 Nf6 5. Be3 0-0 6. Qd2 a6 7. 0-0-0 b5 8. Kb1 Nbd7 9. h4 Re8 10. g4 Nb6 11. Bh6 b4 12. Nd5 Nfxd5 13. Bxg7 Kxg7 14. exd5 Nxd5 15. h5 gxh5 16. Qg5+ Kh8 17. Qxh5 Nf6 18. Qh4 h5 19. g5 Nh7 20. Qxh5 Bf5 21. Bd3 Qd7 22. g6 1-0

[Event "Sao Paulo Salles Cup 3rd"]
[Site "Sao Paulo"]
[Date "2015.03.22"]
[Round "6"]
[White "Teshima, Ricardo Yoshida"]
[Black "Candido, Jefferson Santos"]
[Result "0-1"]
[WhiteElo "1733"]
[BlackElo "1599"]
[PlyCount "86"]
[EventDate "2015.03.20"]
[EventType "swiss"]
[EventRounds "6"]
[EventCountry "BRA"]
[SourceTitle "CBM 165 Extra"]
[Source "ChessBase"]
[SourceDate "2015.04.21"]
[SourceVersion "1"]
[SourceVersionDate "2015.04.21"]
[SourceQuality "1"]

1. Nf3 d6 2. e3 e5 3. b3 f5 4. Bb2 Nf6 5. Be2 Be7 6. d3 0-0 7. Nbd2 Qe8 8. c4 Nc6 9. Qc2 Nb4 10. Qb1 a5 11. a3 Nc6 12. 0-0 Kh8 13. h3 Be6 14. Ng5 Bd7 15. f4 Nh5 16. Bxh5 Qxh5 17. Qd1 Qg6 18. h4 Bf6 19. fxe5 dxe5 20. Nh3 Bxh4 21. Nf3 Bf6 22. d4 f4 23. Kh1 Bxh3 24. gxh3 e4 25. Ng1 f3 26. Qc2 Ne7 27. Rae1 Nf5 28. Rf2 Bh4 29. d5 Bxf2 30. Qxf2 Qg3 31. Qxg3 Nxg3+ 32. Kh2 f2 33. Rd1 f1Q 34. Rxf1 Nxf1+ 35. Kg2 Nxe3+ 36. Kg3 Nd1 37. Bd4 Rae8 38. Ne2 Rf3+ 39. Kg4 Nf2+ 40. Kh4 e3 41. c5 Re4+ 42. Kg5 Nxh3+ 43. Kh5 Rf5# 0-1

[Event "Sao Paulo Salles Cup 3rd"]
[Site "Sao Paulo"]
[Date "2015.03.20"]
[Round "2"]
[White "Candido, Jefferson Santos"]
[Black "Van Riemsdijk, Felipe Herman"]
[Result "1-0"]
[WhiteElo "1599"]
[BlackElo "1782"]
[PlyCount "43"]
[EventDate "2015.03.20"]
[EventType "swiss"]
[EventRounds "6"]
[EventCountry "BRA"]
[SourceTitle "CBM 165 Extra"]
[Source "ChessBase"]
[SourceDate "2015.04.21"]
[SourceVersion "1"]
[SourceVersionDate "2015.04.21"]
[SourceQuality "1"]

1. d4 Nf6 2. Nc3 c5 3. Nf3 g6 4. e4 cxd4 5. Nxd4 d6 6. Be3 Bg7 7. f3 Nc6 8. Qd2 0-0 9. 0-0-0 a6 10. h4 b5 11. Nxc6 Qc7 12. Nd4 b4 13. Nd5 Nxd5 14. exd5 a5 15. Bh6 Bd7 16. Bxg7 Kxg7 17. h5 Rh8 18. Re1 Ba4 19. Qg5 Bxc2 20. Rxe7 Qc5 21. Ne6+ Kg8 22. Nxc5 1-0

[Event "Sao Paulo Hebraica op 19th"]
[Site "Sao Paulo"]
[Date "2015.01.10"]
[Round "3"]
[White "Pereira, Jorge Luiz Rodrigue"]
[Black "Candido, Jefferson Santos"]
[Result "0-1"]
[WhiteElo "1891"]
[BlackElo "1541"]
[PlyCount "120"]
[EventDate "2015.01.08"]
[EventType "swiss"]
[EventRounds "6"]
[EventCountry "BRA"]
[SourceTitle "CBM 164 Extra"]
[Source "ChessBase"]
[SourceDate "2015.03.02"]
[SourceVersion "1"]
[SourceVersionDate "2015.03.02"]
[SourceQuality "1"]

1. d4 d6 2. e4 Nf6 3. Nc3 c6 4. Be3 Nbd7 5. Nf3 b5 6. Bd3 Qc7 7. Qd2 e5 8. 0-0-0 Be7 9. Kb1 Rb8 10. Rhe1 0-0 11. g4 Nb6 12. g5 Nh5 13. Nh4 g6 14. Ne2 Nc4 15. Qc1 Be6 16. f4 exf4 17. Nxf4 Nxf4 18. Bxf4 Qa5 19. d5 Bg4 20. Be2 Bd7 21. Bxc4 bxc4 22. dxc6 Be6 23. c3 Rb5 24. Rd2 Rc8 25. Nf3 Rb6 26. Nd4 Ra6 27. a3 Qc5 28. Nc2 Raxc6 29. Nb4 Rb6 30. Be3 Qe5 31. Bxb6 axb6 32. Qd1 Bxg5 33. Rg2 Bh6 34. Nd5 Re8 35. Nc7 Re7 36. Nxe6 Rxe6 37. Qd4 Qb5 38. Rf1 Qc6 39. Rg4 Bg7 40. Qf2 Qc7 41. Rf4 Re7 42. Qf3 b5 43. h4 h5 44. Rd1 Be5 45. Rd5 Qb7 46. Qf1 Qb6 47. Rf3 b4 48. axb4 Qa6 49. Ra5 Qc6 50. Qe2 Bg7 51. e5 dxe5 52. Rf1 e4 53. Rc5 Qa6 54. Rxc4 e3 55. b5 Qe6 56. Rc6 Qe5 57. Rd1 Qf5+ 58. Kc1 Bh6 59. Re1 Ra7 60. Ra6 Rd7 0-1

[Event "Sao Paulo Hebraica op 19th"]
[Site "Sao Paulo"]
[Date "2015.01.08"]
[Round "1"]
[White "Luz, Arthur Nader"]
[Black "Candido, Jefferson Santos"]
[Result "1-0"]
[WhiteElo "2041"]
[BlackElo "1541"]
[PlyCount "75"]
[EventDate "2015.01.08"]
[EventType "swiss"]
[EventRounds "6"]
[EventCountry "BRA"]
[SourceTitle "CBM 164 Extra"]
[Source "ChessBase"]
[SourceDate "2015.03.02"]
[SourceVersion "1"]
[SourceVersionDate "2015.03.02"]
[SourceQuality "1"]

1. d4 d6 2. c4 e5 3. d5 f5 4. e4 fxe4 5. Nc3 Nf6 6. Bg5 Bf5 7. Nge2 Be7 8. Bxf6 Bxf6 9. Ng3 Bg6 10. Ngxe4 Be7 11. Bd3 0-0 12. Qd2 c6 13. 0-0 Na6 14. a3 Rc8 15. b4 Nc7 16. Qe3 Ra8 17. a4 Bf7 18. Rfd1 cxd5 19. cxd5 Nxd5 20. Nxd5 Bxd5 21. Nc3 Bh4 22. g3 Bf3 23. Be4 Bg4 24. Qd3 Bxd1 25. Bxh7+ Kh8 26. Rxd1 Qb6 27. Ne4 Be7 28. a5 Qd4 29. Qe2 Qxd1+ 30. Qxd1 Kxh7 31. Qh5+ Kg8 32. h4 d5 33. Ng5 Bxg5 34. hxg5 Rf5 35. g4 Rxg5 36. Qxg5 Re8 37. Qg6 Kf8 38. Qd6+ 1-0

[Event "Sao Paulo Karman Cup 2nd"]
[Site "Sao Paulo"]
[Date "2014.11.22"]
[Round "3"]
[White "Candido, Jefferson Santos"]
[Black "Heck, Rahysa Leal"]
[Result "1-0"]
[WhiteElo "1523"]
[BlackElo "1800"]
[PlyCount "79"]
[EventDate "2014.11.21"]
[EventType "swiss"]
[EventRounds "6"]
[EventCountry "BRA"]
[SourceTitle "CBM 163 Extra"]
[Source "ChessBase"]
[SourceDate "2014.12.23"]
[SourceVersion "1"]
[SourceVersionDate "2014.12.23"]
[SourceQuality "1"]

1. d4 d5 2. Nc3 e6 3. f3 Bb4 4. Qd3 Nf6 5. a3 Bd6 6. Bg5 h6 7. Bh4 g5 8. Bf2 Bd7 9. 0-0-0 Qe7 10. e4 Bxa3 11. bxa3 Qxa3+ 12. Kd2 Na6 13. Rb1 Nb4 14. Qe3 0-0-0 15. e5 Nh5 16. g4 Nf4 17. Nge2 Ba4 18. Nxa4 Qxa4 19. Qb3 Qxb3 20. Rxb3 h5 21. Nxf4 gxf4 22. Rxb4 a5 23. Ra4 b6 24. Bh4 Rdg8 25. Bf6 Rh6 26. g5 Rhg6 27. Bd3 Rxg5 28. Bxg5 Rxg5 29. c4 Rg2+ 30. Be2 dxc4 31. Rxc4 Kd7 32. h4 b5 33. Rc5 b4 34. Rhc1 Ke8 35. Rxc7 Kf8 36. Rc8+ Kg7 37. Rb8 Rh2 38. Rcc8 Kg6 39. Rg8+ Kf5 40. Rg5# 1-0